000 00539nam a2200169Ia 4500
003 GCL
008 140319s9999 xx 000 0 ara d
040 _aGCL /
_cGCL
082 0 4 _a811.1
_bح ا
100 1 _aحسين الحاج حسن
245 1 0 _aادب العرب فى عصر الجاهلية /
_cحسين الحاج حسن
260 _a[S.N] :
_bالمؤسسة الجامعية للدراسات والنشر والتوزيع ،
_c1990
300 _a262 ص
490 _a
650 0 4 _aالشعر الجاهلى
942 _2ddc
_cBK
999 _c32946
_d32946